| 000 | 01453cam a22002895a 4500 | ||
|---|---|---|---|
| 001 | 18303828 | ||
| 005 | 20160825140657.0 | ||
| 008 | 140915s2015 enka frb f001 0 eng d | ||
| 020 | _a0198722117 (paperback) | ||
| 020 | _a9780198722113 (paperback) | ||
| 040 |
_aDLC _beng _cDLC _dEG-ScBUE |
||
| 082 | 0 | 4 |
_222 _a343.03 _bBAM |
| 100 | 1 |
_aBamford, Colin, _d1950- _940488 |
|
| 245 | 1 | 0 |
_aPrinciples of international financial law / _cColin Bamford. |
| 250 | _a2nd ed. | ||
| 260 |
_aOxford : _bOxford University Press, _c2015. |
||
| 300 |
_axvii, 366 p. : _bill. ; _c25 cm. |
||
| 500 | _aIndex : p. 357-366. | ||
| 504 | _aIncludes bibliographical references. | ||
| 505 | _aIntroduction : The special position of financial law -- Money -- Payment -- Personal and property rights -- Intangibles as property -- The legal nature of the international bond market -- Fiduciary duties and how they arise -- Fiduciary duties in financial markets -- Credit support in financial markets -- Security interests -- The construction of financial contracts. | ||
| 520 | _aThis book provides a clear guide to the principles underlying common law financial transactions and the rules applied to them set in a practical context. | ||
| 650 | 7 |
_aFinance _2BUEsh _xLaw and legislation. _940489 |
|
| 650 | 7 |
_aInternational finance _xLaw and legislation. _936692 _2BUEsh |
|
| 651 | _2BUEsh | ||
| 653 |
_bLLAAWW _cJuly2016 _cAugust 2016 |
||
| 942 |
_2ddc _e22 _k343.03 BAM |
||
| 999 |
_c22049 _d22021 |
||